| 000 | 00625cam a2200181 4500 | ||
|---|---|---|---|
| 001 | WS116135 | ||
| 008 | 020104n 000 0 eng u | ||
| 035 | _a(Sirsi) u116135 | ||
| 110 |
_aSurvey Association _92724 |
||
| 245 | _aSurvey Association | ||
| 520 | _aWeb site for this organisation representing UK private land surveying firms. Includes a list of members. | ||
| 650 | _aORGANISATION | ||
| 650 | _aLAND SURVEYORS | ||
| 650 | _aUK LAND AND HYDROGRAPHIC SURVEY ASSOCIATION | ||
| 690 |
_aGeomatics _96242 |
||
| 856 | 4 | 0 |
_uhttps://www.tsa-uk.org.uk _zView the website free of charge at www.tsa-uk.org.uk... |
| 942 | _n0 | ||
| 999 |
_c119958 _d119958 |
||